Hydrology and Water Resources Engineering (Record no. 34035)

000 -LEADER
fixed length control field 00402nam a22001697a 4500
003 - CONTROL NUMBER IDENTIFIER
control field NUST
020 ## - INTERNATIONAL STANDARD BOOK NUMBER
International Standard Book Number 978-93-313-1784-1
038 ## - RECORD CONTENT LICENSOR
Staff Name khadija
082 ## - DEWEY DECIMAL CLASSIFICATION NUMBER
Classification number 551.48
Author Mark SHA
100 ## - MAIN ENTRY--PERSONAL NAME
Personal name Shugufta
9 (RLIN) 82663
245 ## - TITLE STATEMENT
Title Hydrology and Water Resources Engineering
260 ## - PUBLICATION, DISTRIBUTION, ETC.
Place of publication, distribution, etc. New Delhi :
Name of publisher, distributor, etc. APH ,
Date of publication, distribution, etc. 2013.
300 ## - PHYSICAL DESCRIPTION
Extent 257 p. ;
Other physical details 22 cm.
500 ## - GENERAL NOTE
General note Paperback.
563 ## - BINDING INFORMATION
Binding note hardcover
942 ## - ADDED ENTRY ELEMENTS (KOHA)
Koha item type Book
Source of classification or shelving scheme
Holdings
Withdrawn status Lost status Source of classification or shelving scheme Damaged status Not for loan Permanent Location Current Location Shelving location Date acquired Full call number Barcode Date last seen Price effective from Koha item type Public note
          School of Mechanical & Manufacturing Engineering (SMME) School of Mechanical & Manufacturing Engineering (SMME) General Stacks 05/24/2016 551.48 SHA SMME-3208 03/30/2018 05/24/2016 Book Rack,46-Shelf,1
© 2023 Central Library, National University of Sciences and Technology. All Rights Reserved.